000
00331nam a22001457a 4500
008
221007b ||||| |||| 00| 0 eng d
020
_a
1556644302
041
_a
eng
080
_2
fifth edition
_a
610.73
082
_a
610.73 LEW
100
_a
9
101
_a
INF
245
_a
MEDICAL SURGICAL NURSING
_c
LEWIS
942
_2
udc
_c
BK
999
_c
58418
_d
58418